Sinh học phân tử của tế bào / Tập 3 Cấu trúc và chức năng của tế bào 1
Nuôi cấy, quan sát và tác động lên hoạt động của tế bào. Cấu trúc màng sinh học. Vận chuyển ion và phân tử nhỏ qua màng. Năng lượng của tế bào. Vận chuyển protein tới màng và bào quan. Sự vận chuyển của túi bào, sự tiết và nhập bào....
Spremljeno u:
| Daljnji autori: | , |
|---|---|
| Format: | Knjiga |
| Jezik: | Vietnamese |
| Izdano: |
TP.HCM :
Nxb. Trẻ,
2016.
|
| Teme: | |
| Oznake: |
Dodaj oznaku
Bez oznaka, Budi prvi tko označuje ovaj zapis!
|
| Thư viện lưu trữ: | Mạng thư viện Đại học Đà Nẵng |
|---|
| LEADER | 01862nam a2200385 4500 | ||
|---|---|---|---|
| 001 | 000024053 | ||
| 003 | 20532 | ||
| 005 | 20190923140654.0 | ||
| 008 | 160926s2016 viesd | ||
| 020 | |c 310000đ | ||
| 041 | 0 | |a vie | |
| 082 | 1 | 4 | |a 571.6 |b Sin |
| 245 | 0 | 0 | |a Sinh học phân tử của tế bào / |c Harvey Lodish... ; Nguyễn Xuân Hưng... |n Tập 3 |p Cấu trúc và chức năng của tế bào 1 |
| 246 | 3 | 1 | |a Molecular cell biology |
| 260 | |a TP.HCM : |b Nxb. Trẻ, |c 2016. | ||
| 300 | |a 451 tr. : |b hình ảnh ; |c 23 cm. | ||
| 520 | 3 | |a Nuôi cấy, quan sát và tác động lên hoạt động của tế bào. Cấu trúc màng sinh học. Vận chuyển ion và phân tử nhỏ qua màng. Năng lượng của tế bào. Vận chuyển protein tới màng và bào quan. Sự vận chuyển của túi bào, sự tiết và nhập bào. | |
| 650 | 0 | 4 | |a Tế bào |x Sinh học phân tử |
| 653 | |a Cấu trúc tế bào | ||
| 653 | |a Chức năng tế bào | ||
| 700 | 1 | |a Lodish, Harvey | |
| 700 | 1 | |a Nguyễn Xuân Hưng |e dịch | |
| 773 | |d Trẻ |d TP.HCM |t Sinh học phân tử của tế bào |w 20531 | ||
| OWN | |a LSP | ||
| AVA | |a UDN50 |b LSP |d 571.6 Sin |e available |t Error 5001 Not defined in file expand_doc_bib_avail. |f 10 |g 0 |h N |i 1 |k 1 | ||
| AVA | |a UDN50 |b LSP |c Textbooks |d 571.6 Sin |e available |t Error 5001 Not defined in file expand_doc_bib_avail. |f 3 |g 0 |h N |i 10 |j GT |k 1 | ||
| 999 | |a From the UDN01 | ||
| AVA | |a UDN50 |b LSP |d 571.6 Sin |e available |t Error 5001 Not defined in file expand_doc_bib_avail. |f 10 |g 0 |h N |i 1 |k 1 | ||
| AVA | |a UDN50 |b LSP |c Textbooks |d 571.6 Sin |e available |t Error 5001 Not defined in file expand_doc_bib_avail. |f 3 |g 0 |h N |i 10 |j GT |k 1 | ||
| TYP | |a Monograph | ||
| TYP | |a Printed language | ||
| 980 | |a Mạng thư viện Đại học Đà Nẵng | ||